The Sopranos: By the Numbers - Statistics

General Stats
  • This quiz has been taken 50 times
  • The average score is 14 of 15
Answer Stats
Hint Number % Correct
Number of Sopranos Seasons 6
100%
How many Czechoslovakians the Russian in the woods killed while he was an interior decorator 16
95%
Year of the first episode's release 1999
95%
Number of years Phil spent in the can without a peep 20
95%
Year of the last episode's release 2007
95%
Number of prominent New York bosses throughout the series 3 (Carmine, Phil, John)
95%
Number of "Black Guys" Vito saw "running that way" 2
91%
Age Chris claimed Tony would die by if he kept eating the way he did... 50
91%
Age of Phil's kid brother Billy when he was taken by that monster... can't even say his name 47
89%
...and the age the real life actor, James Gandolfini, tragically passed away in reality 51
86%
Number of confirmed suicides in the show 5 (Melfi Patient, Gene, Gloria, Vin, Dominic)
86%
How many dollars Furio demands from the Bong Boys 1000
84%
Number of Episodes in the show 86
84%
Months Pussy was working with the Feds (upper estimate) 12
82%
Months Adriana was working with the Feds (upper estimate) 18
80%
No matching quizzes found
Score Distribution
Percent of People with Each Score
Percentile by Number Answered
Your Score History
You have not taken this quiz